000 00391nam a22001451a 4500
999 _c148133
_d148133
082 _aM300 9
_bKRI/N
100 _aKrishnan Namboodiri M
245 _aNovel :
_bkalayum darsanavum/
_cby Krishnan Namboodiri M.
260 _aKozhikode:
_bHaritham,
_c2009.
300 _a146p.
650 _aNovel Malayalam Criticism
650 _aLiterature Malayalam
650 _aLiterature
942 _cBK